zpět

Detail výsledku týmu

Bounty Rock Cafe, Olomouc

Datum a čas kvízu

24.5 Celkem bodů Celkový počet nahraných bodů na tomto kvízu bez doplňovacích otázek.
4. Pořadí na kvízu Konečné umístění týmu na tomto kvízu.

Zaznamenané odpovědi

# Otázka Odpověď Body Výsledky
1. Smutné 70. výročí justiční vra... O2 0
2. Sociálními sítěmi koluje video... sex (na zadních sedadlech) 0
3. Francouzská policie zadržela v... Banksy 0
4. Minulý týden byl oznámen konec... Segway 1
5. Kolikátý titul mistrů Českoslo... 20. titul 0
6. Toto téma jste si vybrali na n... Kmeny 1
7. Co je primárně typické pro člo... C 1
8. V roce 1941 byla vydána kniha... Eduard Bass 0
9. V lidském společenství najdeme... ektomorf, endomorf, mezomorf 0.5
10. Poměrně specifickým fenoménem... K-pop 1